| 000 | 01735nam a2200253 a 4500 | ||
|---|---|---|---|
| 001 | 79799 | ||
| 003 | BD-RjUL | ||
| 005 | 20230201121042.0 | ||
| 008 | 220516s2010 bg a|||| m||| 00| 0 ben d | ||
| 035 | _a(BD-RjUL)79799 | ||
| 040 |
_aBD-RjUL _bben/eng _cBD-RjUL _dBD-RjUL |
||
| 041 | _aben | ||
| 082 |
_223 _a551.48 _bHAC 2010 |
||
| 100 |
_aহক, মো. মোজাম্মেল _92733 |
||
| 245 |
_aচাঁপাই নবাবগঞ্জ জেলার পানি বাজেট পরিবর্তনের ধারা (১৯৭০-২০০৫) / _cমো: মোজাম্মেল হক ; _6তত্ত্বাবধায়ক : মো. আবু হানিফ শেখ |
||
| 260 |
_aরাজশাহী : _bভূগোল ও পরিবেশবিদ্যা বিভাগ,রাজশাহী বিশ্ববিদ্যালয় _c২০১০ |
||
| 300 |
_a[৩], xxi,[১], ২৯৭ পাতা : _bচিত্র ; _c২৯ সেমি. |
||
| 502 | _aথিসিস (পিএইচ.ডি.)-- ভূগোল ও পরিবেশবিদ্যা বিভাগ, রাজশাহী বিশ্ববিদ্যালয়, ২০১০ | ||
| 504 | _aগ্রন্থপঞ্জী ও তথ্য নির্দেশ : পাতা ২০১-২১০ | ||
| 650 |
_aজলবিদ্যা _zবাংলাদেশ _zচাঁপাই নবাবগঞ্জ জেলা _y১৯৭০-২০০৫ খ্রিষ্টাব্দ _93008 |
||
| 650 |
_aHydrology _zBangladesh _zChapai Nawabgang District _y1970-2005 A. D. _96811 |
||
| 700 |
_aশেখ, মো. আবু হানিফ, তত্ত্বাবধায়ক _93010 |
||
| 942 |
_2ddc _cTHE |
||
| 999 |
_c79799 _d79799 |
||